000 00567nam a2200193 a 4500
001 000012878
005 20240530073915.0
008 091118s1997 dr 000 j spa d
040 _aDO-SdBNP
_bspa
_cBNPHU
082 _aRD863.44
_bP192a
100 1 _aPaniagua, Christian
_927141
245 1 3 _aEl amor y los apagones /
_cChristian Paniagua.
260 _aSanto Domingo :
_bBúho,
_c1997.
300 _a124 p. ;
_c18 cm.
650 0 _aNovela dominicana
_9223
650 0 _aLiteratura dominicana.
_967
910 _aValidado. Control de calidad BNPHU
049 _aBNPD
999 _c12526
_d12526